| 000 | 00469nam a2200169 4500 | ||
|---|---|---|---|
| 005 | 20260507101807.0 | ||
| 008 | 260507b |||||||| |||| 00| 0 eng d | ||
| 020 | _a9781032255132 | ||
| 082 |
_a378 _bAUS-G |
||
| 100 | _aAustin Ian And Jones Glen.A | ||
| 245 |
_aGovernance Of Higher Education _bGlobal Perspective Theories And Practices |
||
| 250 | _a2nd Ed | ||
| 260 |
_aNew York _bRoutledge Publishers |
||
| 300 | _a253p | ||
| 650 | _aEducation | ||
| 942 | _cBK | ||
| 999 |
_c47541 _d47541 |
||